00640nam a2200169 i 450000100060000000300090000600700030001500800410001810000230005924501960008226000320027830000280031049000450033870000210038383000450040485200210044959825ES-MaACLt|031031s1911 fr ||||1| fre d1 aEngels, Friedrich.10aPhilosophie, economie politique, socialisme b: (coupe Eugenne Düring) / cpar Friedrich Engels ; traduit sur la 6eme edition allemande avec una introducion et des notes par Edmond Laskine. aParis : bV. Giard, c1911. aCXIV, 420 p. ; c23 cm.1 aBibliothèque socialiste internationale1 aLaskine, Edmond.0 aBibliothèque socialiste internationale aES-MaACLjG-6108